=LDR 00000nam 2200000 4500 =001 INLIS000000000039207 =005 20130612144842 =008 ***********************************ind** =035 ##$$0010-061300000039207 =041 ##$$a ind =082 ##$$a 813 =100 ##$$a parkin, gaile =245 ##$$a angel's cake : kisah tentang tulusnya cinta di tengah perang saudara rwada =260 ##$$a qanita $b bandung =300 ##$$a 450 hlm =850 ##$$a NBPNMAT